Hard to Spell Countries - Statistics

General Stats
  • This quiz has been taken 148 times
  • The average score is 5 of 8
Answer Stats
Picture Answer % Correct
Kazakhstan
89%
Kyrgyzstan
81%
Liechtenstein
77%
Azerbaijan
65%
Eswatini
64%
Indonesia
49%
Luxembourg
46%
Guatemala
43%
No matching quizzes found
Score Distribution
Percent of People with Each Score
Percentile by Number Answered
Your Score History
You have not taken this quiz